| 000 | 02809nam a22002297a 4500 | ||
|---|---|---|---|
| 003 | NALT | ||
| 005 | 20251014130358.0 | ||
| 008 | 200617b th ||||| |||| 00| 0 tha d | ||
| 040 | _aNALT | ||
| 090 |
_aKU 13 _bส226ร 2563 |
||
| 110 | 2 |
_912276 _aสำนักงานเลขาธิการสภาผู้แทนราษฎร. _bสำนักกรรมาธิการ 2. _bกลุ่มงานคณะกรรมาธิการการกฎหมาย การยุติธรรมและสิทธิมนุษยชน |
|
| 245 | 1 | 0 |
_aรายงานการพิจารณาศึกษา เรื่อง "การปฏิรูปกระบวนการยุติธรรมทางอาญาในชั้นสอบสวน" ของคณะกรรมาธิการการกฎหมาย การยุติธรรมและสิทธิมนุษยชน สภาผู้แทนราษฎร / _cกลุ่มงานคณะกรรมาธิการการกฎหมาย การยุติธรรมและสิทธิมนุษยชน สำนักกรรมาธิการ 2 สำนักงานเลขาธิการสภาผู้แทนราษฎร. |
| 260 |
_aกรุงเทพฯ : _bกลุ่มงานคณะกรรมาธิการการกฎหมาย การยุติธรรมและสิทธิมนุษยชน สำนักกรรมาธิการ 2 สำนักงานเลขาธิการสภาผู้แทนราษฎร, _c2563. |
||
| 300 |
_a1 เล่ม : _c29 ซม. _bแผนภูมิ ; |
||
| 505 | 2 | _a1. การดำเนินการ -- 2. วิธีการพิจารณาศึกษา -- 3. หน่วยงานและเอกสารที่เกี่ยวข้อง -- 3.1 หน่วยงานที่เกี่ยวข้อง -- 3.2 เอกสารที่เกี่ยวข้อง -- 4. ผลการพิจารณา -- 4.1 ความเป็นมาและสภาพปัญหา -- 4.2 ประเด็นการพิจารณา -- 5. ข้อสังเกตและข้อเสนอแนะของคณะกรรมาธิการ. | |
| 650 | 4 |
_94283 _aกระบวนการยุติธรรมทางอาญา |
|
| 650 | 4 |
_945450 _aกระบวนการยุติธรรมทางอาญา _xการสืบสวนคดีอาญา |
|
| 850 | _aNALT | ||
| 942 |
_cLB _2local |
||
| 996 |
_avaree.k _bLIBSTF _c2025-10-14 |
||
| 999 |
_c97032 _d97032 |
||
| 998 |
_j6650 _k นางสาววารี เกตุโฉม |
||